000 00957 a2200217 4500
003 Nust
005 20221231152443.0
010 _a 90025550
020 _a0201108771 (v. 1)
020 _a0201569434 (v. 2)
040 _cNust
082 0 0 _a621.399,HAR
100 1 _aHaralick, Robert M.
_939296
245 1 0 _aComputer and robot vision /
_cRobert M. Haralick, Linda G. Shapiro.
260 _aReading, Mass. :
_bAddison-Wesley Pub. Co.,
_cc1992-c1993.
300 _a2 v. :
_bill. ;
_c25 cm.
505 _aIllumination (Page-1), Perspective Projective Geometry (Page-43), Analytic Photogrametry (Page-125), Motion And Surface Structure From Time Varying Image Sequences (Page-187), Image Matching (Page-289), The Consistent-Labeling Problem (Page-379), Objects Models And Matching (Page-427), Knowledge Based Vision (Page-493), Accuracy (Page-535).
650 0 _aTelecommunication Engineering
700 1 _aShapiro, Linda G.
_994507
942 _cREF
_2ddc
999 _c175903
_d175903